Guess the Fusion Rock Song Lyrics #317 - Statistics

General Stats
  • This quiz has been taken 10 times
  • The average score is 248 of 283
Answer Stats
Answer % Correct
a
100%
All
100%
all
100%
am
100%
and
100%
And
100%
baby
100%
be
100%
can
100%
do
100%
down
100%
friend
100%
got
100%
I
100%
I'll
100%
is
100%
it
100%
just
100%
me
100%
my
100%
need
100%
oh
100%
Oh
100%
or
100%
out
100%
Should
100%
the
100%
them
100%
there
100%
To
100%
to
100%
When
100%
will
100%
yeah
100%
yes
100%
you
100%
You
100%
your
100%
you're
100%
You've
100%
you've
100%
again
83%
but
83%
call
83%
come
83%
dark
83%
eyes
83%
fall
83%
going
83%
good
83%
hand
83%
head
83%
helping
83%
If
83%
know
83%
let
83%
name
83%
nights
83%
of
83%
see
83%
so
83%
spring
83%
summer
83%
that
83%
That
83%
They'll
83%
they'll
83%
up
83%
Winter
83%
ain't
67%
Ain't
67%
Close
67%
darkest
67%
don't
67%
even
67%
hurt
67%
loud
67%
nothing
67%
right
67%
running
67%
think
67%
together
67%
Well
67%
wherever
67%
above
50%
brighten
50%
clouds
50%
cold
50%
desert
50%
full
50%
Hey
50%
now
50%
Now
50%
old
50%
People
50%
sky
50%
soon
50%
Soon
50%
soul
50%
take
50%
troubled
50%
turn
50%
about
33%
begin
33%
blow
33%
door
33%
James Taylor
33%
knocking
33%
north
33%
wind
33%
Keep
17%
Upon
17%
Lord
0%
No matching quizzes found
Score Distribution
Percent of People with Each Score
Percentile by Number Answered
Your Score History
You have not taken this quiz